000 00418nam a2200169Ia 4500
008 131103s9999 xx 000 0 und d
040 _aLoreto College
041 _aEnglish
082 _aREF
_bLCBED/11148
100 _aReit, Seymour
245 _aSails,rails and wings
_cSeymour Reit
260 _aNew York
_bGolden
_c1978
300 _a68p.
_b pic.
_c 24cm.
650 _aREF
850 _aLCBED/REF
942 _cBK
999 _c33757
_d84236